Responses for Show #6175 - Friday, June 17, 2011

Contestants

[<< previous game]

Danielle Harlow, a personal assistant originally from Dayton, Ohio

Steve Sobelman, a software architect from Culver City, California

Stewart Tuttle, a foreign service officer from Vienna, Virginia (whose 1-day cash winnings total $36,500)

[next game >>]

Jeopardy! Round responses

WORLD CITIES
U.S. STAMPS
WHICH BIBLE BOOK?
3
"EER"s
FOR THE HOME TEAM
    $200 1
Jakarta

Stewart
    $200 26
Puerto Rico

Stewart
    $200 7
Genesis

Stewart
    $200 17
the pope

Stewart
    $200 6
reindeer

Stewart
    $200 12
the Celtics

Stewart
    $400 2
Beijing

Stewart
    $400 27
a dreidel

Steve
    $400 8
Exodus

Danielle
    $400 18
(Danielle: What is the [*]?)

¡Three Amigos!

Danielle
    $400 23
pioneers

Steve
    $400 13
the (Baltimore) Orioles

Stewart
    $600 3
Monrovia

Stewart
    $600 28
Carmen Miranda

Steve
    $600 9
Proverbs

Stewart
    $600 19
(James) Baker

Stewart
    $600 24
a veneer

Steve
    $600 14
the (Green Bay) Packers

Steve
    $800 4
(Stewart: What is Dublin?)
(Steve: What is Blarney?)

Waterford

StewartSteveDanielle
    $800 29
(Felix) Frankfurter

Stewart
    $800 10
(Stewart: What is Job?)

Jonah

Stewart
Triple Stumper
    $800 20
volcanoes

Steve
    $800 22
a musketeer

Steve
    $800 15
Seattle

Steve
    $500 5
Casablanca

Danielle
    $1000 30
(Steve: What is a tangerine?)

kumquats

Steve
Triple Stumper
    $1000 11
(Alex: Stewart, you were one clue too early with [*]; he belongs here as the correct response.)

Job

Triple Stumper
    $1000 21
the Franciscans

Danielle
    $1000 25
meerschaum

Triple Stumper
    $1000 16
the Blue Jackets

Steve

Scores at the first commercial break (after clue 15):

Stewart Steve Danielle
$1,200 $600 $1,700

Scores at the end of the Jeopardy! Round:

Stewart Steve Danielle
$3,000 $4,200 $3,100

Double Jeopardy! Round responses

AMERICAN POETRY
SODERBERGH MOVIES IN OTHER WORDS
HERO SANDWICH
(Alex: You have to fill in the blank with the name of a historical or mythical hero.)
CINCO DE MAYO
ANIMA"L"S
ROMAN NUMERAL LETTERS
    $400 1
Ogden Nash

Stewart
    $400 6
(Alex: [*]--that's the movie.)

Che

Stewart
    $400 18
(Alex: Good, you put 'em together nicely.)

Abraham Lincoln

Danielle
    $400 5
Hellmann's

Danielle
    $400 7
leeches

Danielle
    $400 15
(Alex: [*] for diameter.)

D

Steve
    $3,000 2
(Stewart: [no response])

Langston Hughes

Stewart
    $800 8
(Danielle: What is Ocean's 11?)

Ocean's 12

SteveDanielle
    $800 19
(Stewart: Who is Henry?)
...
(Alex: Who is [*]--yes--you have to put both parts together.)

John Henry

StewartSteve
    $800 29
(Stewart: What is eggs?)
(Alex: Be more specific.)
(Stewart: Raw egg yo--whites.)

egg yolks

Stewart
Triple Stumper
    $800 13
a lark

Stewart
    $800 16
M

Steve
    $1200 12
(Robert) Frost

Stewart
    $1200 9
Traffic

Danielle
    $1200 21
Pecos Bill

Stewart
    $1200 28
tartar sauce

Danielle
    $1200 14
the locust

Steve
    $1200 17
L

Danielle
    $1600 4
(Danielle: Who is--um...)

Allen Ginsberg

Danielle
Triple Stumper
    $1600 10
The Good German

Danielle
    $1,000 24
(Danielle: What is Robin...)
(Alex: Remember, we're talking about real or mythological heroes... [*].)

Robin Hood

Danielle
    $1600 27
Thousand Island dressing

Danielle
    $1600 22
(Alex: [*]--beautiful creatures.)

lemurs

Stewart
    $1600 20
X

Danielle
    $2000 3
(Alex: [*]--I scream for [*].)

ice cream

Triple Stumper
    $2000 11
Out Of Sight

Danielle
    $2000 25
Nathan Hale

Danielle
    $2000 26
a rémoulade

Triple Stumper
    $2000 23
the loggerhead turtle

Danielle

Scores at the end of the Double Jeopardy! Round:

Stewart Steve Danielle
$4,000 $8,200 $15,300

[wagering suggestions for these scores]

Final Jeopardy! Round responses

MEDICAL HISTORY
(Alex: [Revealing Stewart's response] Yes, he was the first recipient of a human heart transplant, in Cape Town, [*].)
StewartWhat is South Africa
$2,800
SteveWhat is Romania
$7,200
DanielleWhat is the USA?
$600
South Africa

Final scores:

Stewart Steve Danielle
$6,800 $1,000 $14,700
2nd place: $2,000 3rd place: $1,000 New champion: $14,700

Game dynamics:

Coryat scores:

Stewart Steve Danielle
$7,000 $8,200 $16,800
18 R,
5 W
(including 1 DD)
14 R,
2 W
17 R
(including 1 DD),
3 W
(including 1 DD)

Combined Coryat: $32,000

[game clues] [game scores] [suggest correction]

Game tape date: 2011-02-23
The J! Archive is created by fans, for fans. Scraping, republication, monetization, and malicious use prohibited; this site may use cookies and collect identifying information. See terms. The Jeopardy! game show and all elements thereof, including but not limited to copyright and trademark thereto, are the property of Jeopardy Productions, Inc. and are protected under law. This website is not affiliated with, sponsored by, or operated by Jeopardy Productions, Inc. Join the discussion at JBoard.tv.